International conference on decision making for small and medium-sized enterprises conference proceedings : Ostrava, Czech Republic, may 4-5, 2017

Salvato in:
Dettagli Bibliografici
Ente Autore: Decision making for small and medium-sized enterprises. International conference
Altri autori: Suchánek, Petr, Šperka, Roman, Čemerková, Šárka
Natura: Libro
Lingua:inglese
Pubblicazione: Karviná Silesian University in Opava, School of Business Administration in Karviná 2017
Edizione:1st ed.
Soggetti:
Tags: Aggiungi Tag
Nessun Tag, puoi essere il primo ad aggiungerne!!

MARC

LEADER 00000nlm a2200000 4500
001 0238688
005 20240827083021.8
020 |a 978-80-7510-243-0 
041 0 |a eng 
044 |a CZ 
245 1 0 |a International conference on decision making for small and medium-sized enterprises  |b conference proceedings : Ostrava, Czech Republic, may 4-5, 2017  |c editors: Petr Suchánek ... [et al.] 
250 |a 1st ed. 
264 1 |a Karviná  |b Silesian University in Opava, School of Business Administration in Karviná  |c 2017 
300 |a online [269 s.] 
610 2 0 |a rozhodovanie podnikové 
610 2 0 |a podnikanie malé 
610 2 0 |a podnikanie stredné 
610 2 0 |a modelovanie 
610 2 0 |a riadenie znalostí 
610 2 0 |a internet 
610 2 0 |a marketing elektronický 
610 2 0 |a technológie informačné 
610 2 0 |a technológie komunikačné 
610 2 0 |a modely matematické 
610 2 0 |a obchod medzinárodný 
610 2 0 |a start-up 
610 2 0 |a zisk 
610 2 0 |a riadenie kvality 
700 1 |a Suchánek, Petr 
700 1 |a Šperka, Roman 
700 1 |a Čemerková, Šárka 
110 2 |a Decision making for small and medium-sized enterprises. International conference